000 01219nam a2200265Ia 4500
003 OSt
005 20220930094824.0
006 a|||||r|||| 00| 0
007 ta
008 220926b |||||||| |||| 00| 0 hin d
024 _a20540
037 _cTheses
040 _aCRL
_cCRL
_bhin
041 _2hin
_ahin
100 _aओझाा, अनिरूद्ध
110 _aदिल्ली विश्वविद्यालय. कला संकाय. संस्कृत विभाग
_9556374
245 0 _aशब्दार्थमीमांसा के क्षेत्र में भोज का योगदान
246 _aShabdārthamīmāansā ke kṣhetra mean bhoj kā yogadāna
260 _c2013
650 _aसंस्कृत साहित्य
700 _a डॉ. पतन्जलि कुमार भाटिया, गा.
_9556375
700 _aदिल्ली विश्वविद्यालय. कला संकाय. संस्कृत विभाग
_9556376
942 _cDIS
_2CC
999 _c887730
_d887730